Capital Cities That Are The Same As Their Countries Quiz Stats

Quiz not verified by Sporcle

Challenge
Share
Tweet
Embed
Score 0/7 Timer 02:00
0 Plays Today
% Correct
Vatican City
94.9%
San Marino
83.1%
Singapore
79.7%
Luxembourg
78%
Monaco
78%
Djibouti
54.2%
Sao Tome
32.2%

You're not logged in!

Compare scores with friends on all Sporcle quizzes.
Sign Up with Email
OR
Log In

You Might Also Like...

Show Comments

Extras

Top Quizzes Today


Score Distribution

Your Account Isn't Verified!

In order to create a playlist on Sporcle, you need to verify the email address you used during registration. Go to your Sporcle Settings to finish the process.

Report this User

Report this user for behavior that violates our Community Guidelines.

Details: